Gagnants de Koh Lanta - Statistiques

Statistiques générales
  • Ce quiz a été pris 413 fois
  • Le résultat moyen est 7 sur 17
Statistiques - réponses
Hint Réponse % Correct
Saison 5 Clémence
74%
Edition Spéciale 4 Laurent
58%
Saison 14 Marc
54%
Saison 2 Amel
50%
Edition Spéciale 2 Grégoire
50%
Saison 11 Gérard
48%
Saison 12 Ugo
48%
Edition Spéciale 3 Bertrand
45%
Saison 1 Gilles
43%
Saison 8 Christelle
42%
Saison 6 François-David
42%
Saison 4 Phillipe
39%
Saison 10 Phillipe
39%
Edition Spéciale 1 Romuald
36%
Saison 7 Jade Kevin
31%
Saison 3 Isabelle Delphine
21%
Saison 9 Christinia
7%
Aucun quiz correspondant
Distribution des résultats
% des personnes avec chaque résultat
Percentile par nombre de réponses
Votre historique - résultats
Vous n’avez pas pris ce quiz